Представление документа в формате MARC21

Поле Инд. ПП Название Значение
Тип записи a
Библиографический уровень m
001 Контрольный номер RU/IS/BASE/232123731
005 Дата корректировки 20250425175257.8
008 Кодируемые данные 19951016
040 00 e Правила каталог. Л 951016
084 a Индекс другой классификации/Индекс ББК 26.311я73; 26.303я73
090 00 a Полочн. индекс 26.311я73 испр.
x Авторский знак М 605
097 00 a 300
100 10 a Автор Миловский А. В.
q Полное имя Миловский Алексей Викторович
100 1_ a Автор Кононов О. В.
q Полное имя Кононов Олег Васильевич
245 00 a Заглавие Минералогия
b Продолж. заглавия учебник для геологических специальностей вузов
260 00 a Место издания Москва
b Издательство Издательство Московского университета
c Дата издания 1982
300 00 a Объем 312 с.
b Иллюстрации/ тип воспроизводства ил.
336 a Термин вида содержания Текст
337 a Термин типа средства непосредственный
504 00 a Библиография Лит.: с. 304. - Список минералов: с. 306
650 04 a Основная рубрика геология
a Основная рубрика минералогия
a Основная рубрика науки о Земле
653 00 a Ключевые слова алюмосиликаты
a Ключевые слова арсенаты
a Ключевые слова бораты
a Ключевые слова ванадаты
a Ключевые слова вольфраматы
a Ключевые слова выветривание
a Ключевые слова галоиды
a Ключевые слова геологические процессы
a Ключевые слова гидроокислы
a Ключевые слова гидротермальные процессы
a Ключевые слова история минералогии
a Ключевые слова карбонаты
a Ключевые слова кристаллохимические характеристики
a Ключевые слова лунные породы
a Ключевые слова магматические процессы
a Ключевые слова межатомная связь
a Ключевые слова метасоматические процессы
a Ключевые слова метеориты
a Ключевые слова минералогические исследования
a Ключевые слова минералообразование
a Ключевые слова минералы
a Ключевые слова минеральные агрегаты
a Ключевые слова минеральные ассоциации
a Ключевые слова молибдаты
a Ключевые слова морфология минералов
a Ключевые слова нитраты
a Ключевые слова окислы
a Ключевые слова описательная минералогия
a Ключевые слова осадкообразование
a Ключевые слова пегматитовый процесс
a Ключевые слова постмагматические процессы
a Ключевые слова самородные элементы
a Ключевые слова силикаты
a Ключевые слова систематика
a Ключевые слова скарны
a Ключевые слова сульфаты
a Ключевые слова сульфиды
a Ключевые слова типоморфные минералы
a Ключевые слова тонкодисперсное состояние
a Ключевые слова физические свойства
a Ключевые слова фосфаты
a Ключевые слова химический состав
655 00 a Жанр/ форма (устаревшее) учебное пособие
901 t Тип документа m
952 a Тип литературы для КСУ ВШ УИ
954 a Гриф 1.8.1